1792 1933 1705 1069 1186 1384 1209 1476 1493 1709 1225 1297 1611 1471 1344 1992 1592 1703 1350 1874 1151 1984 1164 1721 1464 1536 1186 1267 1856 1582 1301 1335 1498 1189 1811 1384 1320 1322 1827 1141 1472 1982 1511 1455 1988 1566 1610 1180 1939 1956 1433 1712 1708 1238 1077 1827 1058 1207 1056 1935 1699 1332 1401 1417 1883 1089 1712 1069 1836 1955 1689 1462 1589 1316 1332 1688 1751 1340 1533 1493 1129 1731 1383 1261 1109 1131 1997 1546 1262 1230 1112 1625 1939 1015 1722 1886 1090 1692 1418 BCNSPRNW ULIB Ver.6.0+V

เปลี่ยนเป็นภาษาไทย

Change to English
 แสดงรายละเอียดบรรณานุกรม
  กลับหน้าหลัก

Brief Record : Get Marc (ISO 2709) : E-mail record : QR code < ปิดหน้าต่าง
LEADER : 00000nam 2200000uu 4500
001    13399128583
003     ULIB
008    230912s2565||||th 000 0 tha d
020    ^a9789740339793
060 04 ^aWB310^bส866ก
100 0  ^aสุรีพร ธนศิลป์
245 10 ^aการดูแลผู้ป่วยมะเร็งระยะสุดท้ายแบบองค์รวม /^cสุรีพร ธนศิลป์
250    ^aพิมพ์ครั้งที่ 1
260    ^aกรุงเทพฯ :^bสำนักพิมพ์จุฬาลงกรณ์มหาวิทยาลัย,^c2565
300    ^avi, 234 หน้า :^bภาพประกอบ ;^c21 ซม.
504    ^aมีบรรณานุกรมและดัชนี
505 0  ^aความท้าทายในการดูแลผู้ป่วยมะเร็งระยะสุดท้าย --ความต้องการของผู้ป่วยมะเร็งระยะสุดท้าย --ผลลัพธ์ในการดูแลผู้ป่วยมะเร็งระยะสุดท้าย --การพยาบาลผู้ป่วยมะเร็งระยะสุดท้ายและครอบครัว --การดูแลผู้ป่วยมะเร้งระยะสุดท้ายที่บ้าน --จริยธรรมในการดูแลผู้ป่วยมะเร็งระยะสุดท้ายๅ
650  4 ^aผู้ป่วย, การดูแล
650  4 ^aผู้ป่วยระยะสุดท้าย^xการดูแล
650  4 ^aมะเร็ง^xผู้ป่วย
650  4 ^aมะเร็ง^xผู้ป่วย^xการดูแล
945    ^p190^l0^i29783
945    ^p190^l0^i29784
945    ^p190^l0^i29785
999    ^aกัณชพร จุลอักษร
รายการนี้ยังไม่มีแท็ก
คุณยังไม่ได้ล็อกอิน คุณสามารถมีกิจกรรมร่วมกับเว็บไซต์ได้ แต่ต้องล็อกอินก่อน ::
  ล็อกอิน

รายการสื่อสารสนเทศ

ลำดับที่ ประเภท เลขเรียก/บาร์โค้ด สถานที่ สถานะ
1. หนังสือสำรอง
หนังสือสำรอง
WB310 ส866ก ฉ.1 
  Barcode: 29783
ห้องสมุดวิทยาเขตนครสวรรค์
►หนังสือทั่วไป:l:General Books
บนชั้น
2. วิทยาศาสตร์การแพทย์ และสุขภาพ
วิทยาศาสตร์การแพทย์ และสุขภาพ
WB310 ส866ก ฉ.2 
  Barcode: 29784
ห้องสมุดวิทยาเขตนครสวรรค์
►หนังสือทั่วไป:l:General Books
บนชั้น
3. วิทยาศาสตร์การแพทย์ และสุขภาพ
วิทยาศาสตร์การแพทย์ และสุขภาพ
WB310 ส866ก ฉ.3 
  Barcode: 29785
ห้องสมุดวิทยาเขตนครสวรรค์
►หนังสือทั่วไป:l:General Books
บนชั้น

รายการใกล้เคียง
    ผู้แต่ง [สุรีพร ธนศิลป์]

    หัวเรื่อง [ผู้ป่วย, การดูแล]
    หัวเรื่อง [มะเร็ง ผู้ป่วย]
    หัวเรื่อง [มะเร็ง ผู้ป่วย การดูแล]

BibComment


ยังไม่เคยถูกคอมเมนท์

คอมเมนท์ทรัพยากรรายการนี้
  คอมเมนท์: การดูแลผู้ป่วยมะ..


 Copyright 2026. Bcnsprnw @Library